| 000 | 00614nam a22002057a 4500 | ||
|---|---|---|---|
| 999 |
_c140937 _d140937 |
||
| 005 | 20230801112216.0 | ||
| 010 | _aENG-118599 ENG-137656 | ||
| 020 |
_a9788120353183 _c395.00 |
||
| 035 | _aEN-102131 EN-121188 | ||
| 037 | _bDBAD/PUB | ||
| 082 | _a320.954 | ||
| 100 | _aGhosh, Peu | ||
| 245 |
_aIndian governmrnt and politics / _cby Peu Ghosh |
||
| 250 | _a2nd ed. | ||
| 260 |
_aNew Delhi _b PHI Learning _c2017 |
||
| 270 |
_aRimjhim House, 111, Patparganj Industrial Estate _bDelhi _e110092 |
||
| 300 |
_axvi,448p _c24cm(pbk) |
||
| 500 | _aIncludes index | ||
| 942 |
_2ddc _cEN _mPAI _h320.954 |
||